BD - Mais, et si on danse ? - Gaston Lagaffe - Statistiques

Statistiques générales
  • Ce quiz a été pris 72 fois
  • Le résultat moyen est 9 sur 24
Statistiques - réponses
Indice Déguisement % Correct
Houba houba Marsupilami
94%
Tour parisienne Tour Eiffel
82%
Mi-homme mi-cheval Centaure
74%
R2D2 Robot
73%
Poulpe Pieuvre
69%
Sandwich américain Hamburger
65%
Plante piquante Cactus
63%
Amanite ? Champignon
58%
Evacue la fumée d'un feu Cheminée
53%
Limaçon Escargot
50%
Cousine du lion de mer Otarie
47%
Marsupial Kangourou
42%
De petit pois ? Boite de conserve
27%
Distributeur de tubes Juke-box
26%
Indispensable en station Pompe à essence
26%
De mer ou de terre Tortue
21%
Poussah Culbuto
11%
Sur les aéroports Manche à air
11%
Récipient hellène Amphore grecque
8%
Barbeau au Québec Hanneton
5%
Personnage de BD tout rond Flagada
3%
Pilote de montgolfière Aéronaute
2%
Reptile repu Explorateur qui a été avalé par un serpent
0%
Lanceur soviétique Lanceur Vostok
0%
Aucun quiz correspondant
Distribution des résultats
% des personnes avec chaque résultat
Percentile par nombre de réponses
Votre historique - résultats
Vous n’avez pas pris ce quiz